01101nam a2200265 a 450000100060000000300080000600500170001400800410003103500190007204000350009104100080012608200280013410000180016224501670018026000580034730000380040550200650044350400320050865000330054070000360057370000460060994200130065599900170066895201500068582857BD-RjUL20240130103449.0240130s1983 bg a|||| m||| 00| 0 eng d a(BD-RjUL)82857 aBD-RjULbengcBD-RjULdBD-RjUL aeng 223a310.95492bABF 1983 aAbedin, Samad10aFertility Levels and Birth Interrval dynamics in a Rural Community of Bangladesh /cBy Samad Abedin ; 6Supervisor : Mahmud A., Supervisor : Mr. Kamel Abu Ghally, aRajshahi :bStatistics, University of Rajshahi,c1983 avii, 106 Leaves :biil, ;c29 cm. aThesis (M.Phil.) -- Statistics, University of Rajshahi, 1983 aReferences : Leaves 101-106 aStatisticszBangladesh93376 a A., Mahmud, Supervisor 911258 aGhally, Mr. Kamel Abu, Supervisor 911259 2ddccTHE c82857d82857 102ddc40718THESESaRUCLbRUCLcDoc/Thed1990-05-22eController of Exam. R. U.l0oTHE 310.95492 ABF 1983pD1374r2024-01-30 00:00:00tC-1yTHE